000 00493nam a22001697a 4500
003 NUST - PNEC
005 20170116181132.0
008 151006b xxu||||| |||| 00| 0 eng d
020 _a8174460349
040 _cLIBRARY
082 _a658.45 MAR
100 _914035
_aMargerison, Charles J.
245 _aThe art of effective communication: Conversation control skills for managers
_cCharles J. Margerison
260 _cc.1996
650 _914039
_aCommunication
_xMS COM
942 _2ddc
_cBK
999 _c70025
_d70025